000 00824nam a2200241Ia 4500
003 GCL
008 140319s9999 xx 000 0 ara d
040 _aGCL /
_cGCL
082 0 4 _a150.195
_bف ع
100 1 _aفيصل عباس
245 1 0 _aالعيادة النفسية :
_bمدارس التحليل النفسى - الممارسة النفسانية /
_cفيصل عباس
250 _aالاولى
260 _aبيروت :
_bدار المنهل ،
_c2002
300 _a239 ص ؛
_c24 سم
650 0 4 _aالتحليل النفسى
650 0 4 _aمذهب فرويد
650 0 4 _aالاضطرابات النفسية
650 0 4 _aالعلاج النفسى
650 0 4 _aالطب النفسى
650 0 4 _aالاضطراب الجنسى
650 0 4 _aالاضطرابات العصبية
942 _2ddc
_cBK
999 _c5461
_d5461